00520nam a2200193 a 450000100060000000300080000600500170001400800410003103500190007203500100009104000210010104100080012208200180013010000280014824500510017626000400022730000200026765100390028746317BD-RjUL20211209054133.0160801s1949 enk 000 0 eng d a(BD-RjUL)46435 a27720 aTUbengcTUdANL aeng a954bSUW 19491 aSuleri, Ziauddin Ahmad.10aWhither Pakistan? /cby Ziauddin Ahmad Suleri. aLondon :bEastern Publishers,c1949 a96 p. :c20 cm. 0aPakistanxPolitics and government.